| 000 | 00768nam a2200277Ia 4500 | ||
|---|---|---|---|
| 003 | OSt | ||
| 005 | 20221006144759.0 | ||
| 006 | a|||||r|||| 00| 0 | ||
| 007 | ta | ||
| 008 | 221006b |||||||| |||| 00| 0 chi d | ||
| 020 |
_a9787100021364 _cYu 11.10 |
||
| 024 | _a12,697 | ||
| 037 |
_bGift, PRC _cTextual |
||
| 040 |
_aEASL _cEASL _bchi |
||
| 041 |
_2chi _achi |
||
| 082 | _aY2:3217, N6 | ||
| 100 |
_aGU Jian Tang _9652833 |
||
| 245 | 0 | _aZhongguo lishi hun yin yu jiating | |
| 260 |
_aBeijing _bShangwu Yin Shuguan China _c1996 |
||
| 300 |
_a188p. _ccm. |
||
| 490 | _v CL | ||
| 650 |
_aCL _9642733 |
||
| 700 |
_a GU Ming Tang _9652834 |
||
| 942 |
_hY2:3217, N6 _cTEXL _2CC |
||
| 999 |
_c1080783 _d1080783 |
||